Africa : historia de un continente /

Salvato in:
Dettagli Bibliografici
Autore principale: Iliffe, John (autor)
Natura: Libro
Lingua:spagnolo
Pubblicazione: Cambridge, Inglaterra : Cambridge University, 1998, c1998
Serie:(African Studies)
Soggetti:
Tags: Aggiungi Tag
Nessun Tag, puoi essere il primo ad aggiungerne!!

MARC

LEADER 00000nam^a2200000^a^4500
001 000160777
005 20250521000000.0
009 20260310100734.618
020 |a 84-8323-036-4 
037 |a Acervo ITESO - Biblioteca 
041 |a ESP 
082 |a 960.  |b ILI 
100 |a Iliffe, John  |e (autor) 
245 1 0 |a Africa :  |b historia de un continente /  |c J. Iliffe ; tr. por María Barberán. 
264 4 |a Cambridge, Inglaterra :  |b Cambridge University,  |c 1998, c1998 
300 |a 400 p. 
336 |a texto  |b txt  |2 rdacontenido 
337 |a sin mediación  |b n  |2 rdamedio 
338 |a volumen  |b nc  |2 rdasoporte 
440 1 |a (African Studies) 
500 |a Traducción de: Africans, The History of a Continent 
649 |a XX 
650 |a Cristianismo -  |z Africa -  |x Historia 
650 |a Islamismo -  |z Africa -  |x Historia 
650 |a Esclavitud -  |z Africa -  |x Historia 
650 |a Colonización -  |z Africa -  |x Historia 
650 |a Industrialización -  |z Africa -  |x Historia -  |y Siglo XX 
650 |a Independencia Política -  |z Africa -  |x Historia -  |y Siglo XX 
650 |a Africa -  |x Historia 
910 |a Fondo General 
920 |a Impresos - Libros 
930 |a Colección General 
905 |a 101 
901 |a 0500092182  |b IT1  |c ACC  |u 20250521 
902 |a https://opac.biblio.iteso.mx/vufind/Record/000160777